LIBRARY ONLINE CATALOGUE

A Mattter of Choice (Record no. 16045)

MARC details
000 -LEADER
fixed length control field 00320nam a22001217a 4500
008 - FIXED-LENGTH DATA ELEMENTS--GENERAL INFORMATION
fixed length control field 160810b xxu||||| |||| 00| 0 eng d
020 ## - INTERNATIONAL STANDARD BOOK NUMBER
International Standard Book Number 1481165437
100 ## - MAIN ENTRY--PERSONAL NAME
Personal name Dehning, William
245 ## - TITLE STATEMENT
Title A Mattter of Choice
Remainder of title Interpreting Choral Music
Statement of responsibility, etc. William Dehning
260 ## - PUBLICATION, DISTRIBUTION, ETC. (IMPRINT)
Place of publication, distribution, etc. USA
Date of publication, distribution, etc. 2012
300 ## - PHYSICAL DESCRIPTION
Extent 182p.
942 ## - ADDED ENTRY ELEMENTS (KOHA)
Source of classification or shelving scheme Library of Congress Classification
Koha item type General Collection
Holdings
Withdrawn status Lost status Source of classification or shelving scheme Not for loan Home library Current library Date acquired Cost, normal purchase price Total Checkouts Full call number Barcode Date last seen Price effective from Koha item type
    Library of Congress Classification   Kabarak, Main Campus Kabarak, Main Campus 10/08/2016 2733.00   ML1500 .D44 2012 c.1 026129 10/08/2016 10/08/2016 General Collection